| 000 | 00445nam a2200181Ia 4500 | ||
|---|---|---|---|
| 008 | 230524s9999 xx 000 0 und d | ||
| 020 | _a9788120316188 | ||
| 082 |
_a621.382 _bCHA |
||
| 100 | _aB.Chanda | ||
| 245 | 0 | _aDigital Image Processing and Analysis | |
| 250 | _a1ST | ||
| 260 |
_aNEW DELHI _bPHI _c2003 |
||
| 300 | _aIX;365 | ||
| 500 | _aQuantity Number: 100 | ||
| 650 | _aElectronics | ||
| 700 | _a D.Dutta Majumder | ||
| 942 | _cBK | ||
| 999 |
_c31413 _d31413 |
||